00867nam a2200241Ia 4500003000400000005001700004008004100021020001800062040001800080041000800098082002100106100002600127245004900153250001200202260004600214300003000260650004400290650003200334650004300366942003000409999001900439952016700458OSt20251212120329.0210716s2010 xx 000 0 und d a9788126526284 cAIMIT LIBRARY aeng a006.37 21bHORI aHorton, Ivor.9248968 aBeginning visual c++ 2010 /cBy Ivor Horton. a1st ed. aNew Delhi :bWiley India Pvt Ltd ,c2010. axxxix,1231p. ;bPBc24 cm aData variables and calculations9248969 aDecisions and loops9248970 aProgramming for multiple cores9248971 2ddccBKe1stk006.37 HORI c191132d191132 00102ddc40708MCAaAIMITbAIMITeKnowledge Worldg599.00iBill no:66; Bill dt:2010-12-23l0o006.37 HORIpMCA10640r2026-05-23 00:00:00v449.25w2021-07-16yBK